000 00494nam a2200181Ia 4500
005 20250326125452.0
008 250326s9999 xx 000 0 und d
037 _aTextbook
040 _aFMSL
_beng
_cFMSL
041 _aeng
_2eng
084 _aY.44.N5 K6
_qFMSL
100 _aSrinivas M N
245 0 _aSocial change in modern India
_cSrinivas M N
260 _aNew Delhi
_bNew Delhi, Allied
_c1966
300 _a194p
942 _cTB
_hY.44.N5 K6
999 _c1278193
_d1278193